01537nam a2200421 i 450000100060000000300080000600500170001400600190003100700150005000800410006502000280010602000270013403500220016104000310018305000270021408000270024108200160026824500640028425000180034826400460036630000410041233600310045333700330048433800430051750000200056050000220058050000220060250400280062458800830065259001620073565000190089765000170091665500270093370000570096079700180101785600630103599900170109891239FINmELB20241217172016.0m o d | cr cnu||||||||230214s2014 sp ob 001 0 spa d a9788418781131q(e-book) a9788493752347q(print) a(OCoLC)1370946321 aFINmELBbspaerdacFINmELB 4aQA76.76.H94bH873 2014 a004.439`232:004.55HTML04a005.27622300aHTML 4.0 /cMa. Dolores Pérez Rodríguez (coordinadora). a2a edición. 1aMálaga, España :bEditora ICB,c2014. a1 recurso en línea (282 páginas) atextobtxt2rdacontent/spa acomputadorabc2rdamedia/spa arecurso en líneabcr2rdacarrier/spa aIncluye anexos. aIncluye glosario. aIncluye índice. aIncluye bibliografía. aDescripción basada en metadatos suministrados por el editor y otras fuentes. aRecurso electrónico. Santa Fe, Arg.: elibro, 2023. Disponible vía World Wide Web. El acceso puede estar limitado para las bibliotecas afiliadas a elibro. 4aLenguaje HTML. 4aOrdenadores. 4aLibros electrónicos.1 aPérez Rodríguez, María Dolores,ecoordinadora.2 aelibro, Corp.40uhttps://elibro.net/ereader/politecnicointernacional/225267 c91239d91239